| 000 | 00597nam a2200205Ia 4500 | ||
|---|---|---|---|
| 003 | OSt | ||
| 005 | 20230619145504.0 | ||
| 008 | 210423s2000 xx 000 0 und d | ||
| 040 | _cAL | ||
| 041 | _aeng | ||
| 082 |
_a658.3 _223 _bRUDD |
||
| 100 |
_aRUDRABASAVARAJ (M N) _9112991 |
||
| 245 | _aDynamic personnel administration management of human resources | ||
| 250 | _a7 | ||
| 260 |
_bHimalaya Publishing House _c2000 |
||
| 365 |
_b275 _cINR |
||
| 650 |
_aPersonnel Management _9112992 |
||
| 906 | _aadministration ; Dynamic ; human ; management ; personnel ; resources | ||
| 942 |
_2ddc _cBK |
||
| 999 |
_c172947 _d172947 |
||